Učitavanje...
The transfer of property act vol.2
| Glavni autor: | |
|---|---|
| Jezik: | English |
| Izdano: |
Bombay
AIR Limited
1984
|
| Izdanje: | ed.5 |
| LEADER | 00491nam a22001457a 4500 | ||
|---|---|---|---|
| 008 | 130507b xxu||||| |||| 00| 0 eng d | ||
| 082 | |a 346.0436 MAN.2'84 | ||
| 100 | |a Manohar,V.R |9 917 | ||
| 245 | |a The transfer of property act vol.2 | ||
| 250 | |a ed.5 | ||
| 260 | |a Bombay |b AIR Limited |c 1984 | ||
| 300 | |a xii,1071p. | ||
| 942 | |2 ddc |c BK | ||
| 999 | |c 1229 |d 1229 | ||
| 952 | |0 0 |1 0 |2 udc |4 0 |6 3460436_MAN284 |7 0 |9 1654 |a NUALS |b NUALS |d 2009-10-24 |l 2 |o 346.0436 MAN.2'84 |p 4935 |r 2017-04-05 |s 2017-03-30 |t 1 |w 2013-04-11 |y EAU | ||